EU Cities - Sudden Death - Statistics

General Stats
  • This quiz has been taken 2,841 times
  • The average score is 5 of 18
Answers on the Grid
Answers color-coded by a green-red scale on the quiz's grid according to % correct below.
Aarhus
Antwerp
Bari
Basel
Belfast
Belgrade
Bielefeld
Bydgoszcz
Cayenne
Chișinău
Cork
Donetsk
Espoo
Inverness
Istanbul
Kaunas
Liverpool
Ljubljana
Nice
Nicosia
Oslo
Palma
Plovdiv
Pristina
Sarajevo
Split
Swansea
The Hague
Vaduz
Valladolid
Valletta
Zurich
 
Answer Stats
Answer % Correct
Antwerp
82%
Aarhus
52%
Bari
46%
Nice
31%
Cork
30%
Ljubljana
28%
The Hague
28%
Bielefeld
26%
Palma
24%
Split
23%
Valletta
23%
Bydgoszcz
22%
Nicosia
22%
Espoo
21%
Kaunas
21%
Valladolid
20%
Cayenne
19%
Plovdiv
17%
No matching quizzes found
Score Distribution
Percent of People with Each Score
Percentile by Number Answered
Your Score History
You have not taken this quiz